Pylons 'double leukaemia risk' (Record no. 61900)

MARC details
000 -LEADER
fixed length control field 00841cam a2200241 4500
001 - CONTROL NUMBER
control field WB3547-16
008 - FIXED-LENGTH DATA ELEMENTS--GENERAL INFORMATION
fixed length control field 000000n1999 000 0 eng u
035 ## - SYSTEM CONTROL NUMBER
System control number (Sirsi) u103014
245 ## - TITLE STATEMENT
Title Pylons 'double leukaemia risk'
260 ## - PUBLICATION, DISTRIBUTION, ETC.
Date of publication, distribution, etc. 1999
490 ## - SERIES STATEMENT
Series statement Guardian
Volume/sequential designation 2 December 1999, 13
490 ## - SERIES STATEMENT
Series statement Yorkshire Post
Volume/sequential designation 2 December 1999, 4(2)
520 ## - SUMMARY, ETC.
Summary, etc. A research group at Bristol University claims that power lines double the risk of childhood leukaemia. However another study is expected to conclude that there is no link between electricity power lines and the risk of a child developing cancer.
590 ## - LOCAL NOTE (RLIN)
Local note WB
650 ## - SUBJECT ADDED ENTRY--TOPICAL TERM
Topical term or geographic name entry element PYLONS
650 ## - SUBJECT ADDED ENTRY--TOPICAL TERM
Topical term or geographic name entry element ELECTRICITY POWER LINES
650 ## - SUBJECT ADDED ENTRY--TOPICAL TERM
Topical term or geographic name entry element LEUKAEMIA
650 ## - SUBJECT ADDED ENTRY--TOPICAL TERM
Topical term or geographic name entry element CANCER
650 ## - SUBJECT ADDED ENTRY--TOPICAL TERM
Topical term or geographic name entry element CHILDHOOD CANCER
650 ## - SUBJECT ADDED ENTRY--TOPICAL TERM
Topical term or geographic name entry element HEALTH HAZARDS
690 ## - LOCAL SUBJECT ADDED ENTRY--TOPICAL TERM (OCLC, RLIN)
Topical term or geographic name as entry element ECONOMIC AND SOCIAL
942 ## - ADDED ENTRY ELEMENTS (KOHA)
Suppress in OPAC 0
Holdings
Withdrawn status Lost status Source of classification or shelving scheme Damaged status Not for loan Home library Current library Shelving location Date acquired Total Checkouts Full call number Barcode Date last seen Copy number Price effective from Koha item type
    Dewey Decimal Classification     London London News article 02/12/1999   WB3547-16 103014-1001 06/08/2019 1 06/08/2019 News article